[Event "Mistrzostwa Polski Juniorow do lat 16 - Dziewczeta"]
[Site "Ustron – Jaszowiec"]
[Date "1899-12-30"]
[Round "3.13"]
[White "Orlik, Sandra"]
[Black "Lascar, Maria Elena"]
[Result "1-0"]
[WhiteTitle "I+"]
[BlackTitle "I+"]
[WhiteElo "1698"]
[BlackElo "1485"]

1. e4 c5 2. Nf3 e6 3. d4 cxd4 4. Nxd4 Bc5 5. Nc3 Qb6 6. Na4 Qa5+ 7. c3 Bxd4 8.
Qxd4 Nf6 9. b3 Nc6 10. Qe3 b5 11. Nb2 d5 12. b4 Qa6 13. f3 dxe4 14. fxe4 Bd7 15.
Be2 Ne5 16. Qg5 Ng6 17. Bf3 Rc8 18. Qe3 e5 19. O-O O-O 20. Bd2 Rfd8 21. Nd3 Bc6
22. Nc5 Qb6 23. Qf2 Be8 24. Be3 Qc7 25. Rfc1 Nd7 26. c4 bxc4 27. Rxc4 Nb6 28.
Rc2 Ra8 29. Ne6 Qb7 30. Nxd8 Rxd8 31. Rac1 Bb5 32. Rc7 Qa6 33. Bg4 f6 34. Rxa7
Qxa7 35. Bxb6 Qa8 36. Bxd8 Qxd8 37. Rc8 1-0

[Event "Mistrzostwa Polski Juniorow do lat 16 - Dziewczeta"]
[Site "Ustron – Jaszowiec"]
[Date "1899-12-30"]
[Round "3.14"]
[White "Krzysztynska, Anna"]
[Black "Gredka, Dominika"]
[Result "0-1"]
[WhiteTitle "I"]
[BlackTitle "I++"]
[WhiteElo "1578"]
[BlackElo "1589"]

1. e4 e5 2. Nf3 Nc6 3. Bb5 a6 4. Ba4 Nf6 5. O-O b5 6. Bb3 Bc5 7. d3 h6 8. c3 d6
9. Re1 O-O 10. h3 Bb6 11. Nbd2 Ne7 12. Nf1 Ng6 13. Ng3 Be6 14. Be3 c6 15. Qd2
Kh7 16. Rad1 Qc7 17. Bc2 Rad8 18. Qc1 Qb8 19. a4 Rc8 20. Qd2 Rfd8 21. b4 Bxe3
22. fxe3 c5 23. Rb1 c4 24. d4 d5 25. exd5 exd4 26. dxe6 d3 27. Nf1 Ne4 28. Qc1
Nxc3 29. Bd1 Nxb1 30. Qxb1 fxe6 31. a5 Qd6 32. Nd4 Ne5 33. Re2 Kg8 34. Rf2 Nc6
35. Nxc6 Rxc6 36. Bf3 Rcc8 37. Nd2 c3 38. Ne4 c2 39. Qc1 Qxb4 40. Nd2 Qxa5 41.
Bh5 Rf8 42. Bf3 b4 43. Bg4 Rfe8 44. Nb3 Qd5 45. Nd4 b3 46. Rf1 d2 47. Qxd2 b2
48. Qf2 c1=Q 49. Bxe6+ Rxe6 50. Qf7+ Kh8 51. Nxe6 Qxf1+ 0-1

[Event "Mistrzostwa Polski Juniorow do lat 16 - Dziewczeta"]
[Site "Ustron – Jaszowiec"]
[Date "1899-12-30"]
[Round "3.15"]
[White "Pyzio, Amelia"]
[Black "Kucharska, Honorata"]
[Result "0-1"]
[WhiteTitle "I+"]
[BlackTitle "k+"]
[WhiteElo "1656"]
[BlackElo "2093"]

1. e4 d6 2. d4 Nf6 3. Nc3 e5 4. Nf3 Nbd7 5. Be2 Be7 6. O-O O-O 7. h3 c6 8. a4 a5
9. Be3 Qc7 10. Qd2 Re8 11. Rfe1 Bf8 12. Bd3 h6 13. Rad1 Nb6 14. Bf1 Bd7 15. b3
Nc8 16. Bc4 Qb8 17. Rb1 Ne7 18. Red1 Ng6 19. Bf1 Qc7 20. Re1 Rad8 21. Rbd1 Bc8
22. Qc1 Qe7 23. Kh1 Nh5 24. g3 Nf6 25. Kh2 Qc7 26. Bg2 Nh7 27. Qd2 d5 28. exd5
e4 29. Ne5 Nxe5 30. dxe5 cxd5 31. Nxd5 Qb8 32. Bxe4 Be6 33. Qxa5 Qc8 34. Nf4 Rxd1
35. Rxd1 Bf5 36. Qd5 Bxe4 37. Qxe4 Ng5 38. Qd5 Rxe5 39. Qd3 Qc6 40. Ng2 Nf3+ 41.
Kh1 Rh5 42. h4 Qe6 43. Qd7 Qe4 44. Qd3 Qg4 45. Qd7 Rf5 46. Nf4 g5 47. Rd5 Ne5
48. Qc8 gxf4 49. Bxf4 Qh3+ 0-1

[Event "Mistrzostwa Polski Juniorow do lat 16 - Dziewczeta"]
[Site "Ustron – Jaszowiec"]
[Date "1899-12-30"]
[Round "3.16"]
[White "Szulc, Patrycja"]
[Black "Choinska, Debora"]
[Result "1-0"]
[WhiteTitle "I"]
[BlackTitle "I"]
[WhiteElo "1573"]
[BlackElo "1479"]

1. e4 e5 2. Nf3 Nf6 3. Nxe5 d6 4. Nf3 Nxe4 5. Nc3 Nxc3 6. dxc3 Be7 7. Bd3 Nd7 8.
Be3 Nf6 9. Qd2 Be6 10. O-O-O Qd7 11. Nd4 Nd5 12. Bg5 Bf6 13. Bxf6 Nxf6 14. Qg5
Rg8 15. f4 h6 16. Qh4 O-O-O 17. c4 g5 18. Qf2 gxf4 19. Nxe6 fxe6 20. Qxa7 Qc6
21. Rhe1 Kd7 22. Qd4 Rdf8 23. c5 Nd5 24. Be4 Qxc5 25. Qxc5 dxc5 26. c4 c6 27.
Bf3 Re8 28. h3 Kc7 29. cxd5 cxd5 30. Bg4 Kd6 31. Bf3 Rg5 32. Rd3 Re5 33. Red1
b6 34. Ra3 Kc6 35. Ra7 Rh8 36. Rf7 Kd6 37. Rxf4 Ke7 38. Rg4 Rg5 39. Rxg5 hxg5
40. Re1 Kd6 41. Kd2 e5 42. Ke3 e4 43. Be2 Re8 44. Kd2 c4 45. g3 Kc5 46. h4 gxh4
47. gxh4 e3+ 48. Kc2 d4 49. h5 Rd8 50. Rd1 b5 51. h6 Kd5 52. b3 Rc8 53. Bf3+ Ke5
54. bxc4 bxc4 55. h7 d3+ 56. Kc3 Kf4 57. Bd5 Rh8 58. Bxc4 Rxh7 59. Bxd3 Rh2 60.
a4 Kf3 61. Rf1+ Kg3 62. Re1 Kf3 63. Rf1+ Kg3 64. a5 e2 65. Re1 Rh5 66. a6 Re5
67. Rxe2 1-0

[Event "Mistrzostwa Polski Juniorow do lat 16 - Dziewczeta"]
[Site "Ustron – Jaszowiec"]
[Date "1899-12-30"]
[Round "3.17"]
[White "Surpeta, Julia"]
[Black "Ossolinska, Matylda"]
[Result "0-1"]
[WhiteTitle "I"]
[BlackTitle "I"]
[WhiteElo "1458"]
[BlackElo "1515"]

1. d4 d5 2. Nc3 Nf6 3. Bg5 Nbd7 4. f3 h6 5. Bf4 c6 6. Qd2 Nh5 7. Be3 e5 8. dxe5
Nxe5 9. O-O-O Nc4 10. Qd3 Nxe3 11. Qxe3+ Be6 12. Qf2 Qa5 13. e4 Nf6 14. Nge2 dxe4
15. fxe4 Bc5 16. Qg3 O-O 17. Nf4 b5 18. e5 Nd5 19. Ncxd5 Bxd5 20. Bd3 Kh8 21.
Nh5 Rg8 22. Qf4 Be7 23. Nf6 Qxa2 24. Kd2 Qxb2 25. Rb1 Qa3 26. Qf5 g6 27. Qf4 Kg7
28. h4 Qa5+ 29. c3 Qc7 30. Rhf1 Raf8 31. g4 Bc4 32. Bxc4 bxc4 33. Kc2 Qd8 34.
Rf3 Bxf6 35. exf6+ Kh7 36. h5 g5 37. Qf5+ Kh8 38. Re3 Re8 39. Rbe1 Rxe3 40. Rxe3
Re8 41. Re7 Rxe7 42. fxe7 Qxe7 43. Qc8+ Kg7 44. Qf5 Qe6 45. Qf3 Qd5 46. Qf2 Qe4+
47. Kb2 Qxg4 48. Qh2 Qf4 49. Qe2 Qb8+ 50. Kc1 Qf4+ 51. Kb2 a5 52. Qc2 g4 53. Qg2
g3 54. Qxc6 Qd2+ 55. Kb1 g2 56. Qc5 Qe1+ 57. Kb2 0-1

[Event "Mistrzostwa Polski Juniorow do lat 16 - Dziewczeta"]
[Site "Ustron – Jaszowiec"]
[Date "1899-12-30"]
[Round "3.18"]
[White "Koruch, Maria"]
[Black "Kubiak, Aleksandra"]
[Result "1-0"]
[WhiteTitle "I"]
[BlackTitle "II+"]
[WhiteElo "1513"]
[BlackElo "1320"]

1. e4 a6 2. d4 b5 3. Nf3 Bb7 4. Bd3 Nf6 5. Nbd2 e6 6. O-O c5 7. dxc5 Bxc5 8. e5
Nd5 9. Ne4 Be7 10. a4 b4 11. c4 bxc3 12. bxc3 Qc7 13. Rb1 Nc6 14. Bc2 Na5 15.
Qd3 Nc4 16. Rxb7 Qxb7 17. Qxc4 Rc8 18. Qd3 a5 19. Rd1 Qc7 20. Bg5 Bc5 21. Bb3
Nb6 22. Qb5 Qc6 23. Qd3 Nxa4 24. Bxa4 Qxa4 25. Nd6+ Kf8 26. Nxc8 h6 27. Qxd7 Qxd7
28. Rxd7 Kg8 29. Rd8+ Kh7 30. Rxh8+ Kxh8 31. Be7 Bxe7 32. Nxe7 a4 33. Nd4 a3 34.
Nb3 a2 35. Nc6 Kg8 36. Nb4 Kf8 37. Nxa2 Ke7 1-0

[Event "Mistrzostwa Polski Juniorow do lat 16 - Dziewczeta"]
[Site "Ustron – Jaszowiec"]
[Date "1899-12-30"]
[Round "4.1"]
[White "Leczek, Weronika"]
[Black "Guzik, Natalia"]
[Result "0-1"]
[WhiteTitle "I++"]
[BlackTitle "I++"]
[WhiteElo "1909"]
[BlackElo "1875"]

1. e4 c5 2. Nf3 Nc6 3. d4 cxd4 4. Nxd4 g6 5. Nc3 Bg7 6. Be3 Nf6 7. Bc4 O-O 8. Bb3
Re8 9. f3 e6 10. Qd2 d5 11. Nxc6 bxc6 12. O-O-O Qc7 13. e5 Nd7 14. f4 Rb8 15.
Na4 c5 16. c4 dxc4 17. Bxc4 Nb6 18. Bb5 Rf8 19. Qd6 Qxd6 20. Rxd6 Nd5 21. Bxc5
Rxb5 22. Ba3 Nxf4 23. Nc3 Rxe5 24. Rhd1 Nd5 25. Kb1 Bb7 26. Rd7 Nxc3+ 27. bxc3
Be4+ 28. Kc1 Bh6+ 29. Kb2 Rb8+ 30. Ka1 Rd5 31. R1xd5 Rb1# 0-1

[Event "Mistrzostwa Polski Juniorow do lat 16 - Dziewczeta"]
[Site "Ustron – Jaszowiec"]
[Date "1899-12-30"]
[Round "4.2"]
[White "Kaczmarska, Joanna"]
[Black "Karlyk, Maria"]
[Result "1-0"]
[WhiteTitle "k"]
[BlackTitle "I"]
[WhiteElo "1822"]
[BlackElo "1501"]

1. d4 d5 2. c4 e6 3. Nc3 Nf6 4. cxd5 exd5 5. Bg5 Be7 6. e3 c6 7. Bd3 Nbd7 8. Qc2
Nb6 9. Nf3 Nh5 10. Bxe7 Qxe7 11. O-O-O Bg4 12. h3 Bxf3 13. gxf3 O-O-O 14. f4 g6
15. Kb1 f5 16. Bxf5+ gxf5 17. Qxf5+ Kb8 18. Qxh5 Qb4 19. Qe2 Nc4 20. Ka1 Rd6 21.
Rc1 Re8 22. b3 Na5 23. Qb2 b5 24. Ne2 Rc8 25. Kb1 Rc7 26. Qc3 Qa3 27. Qc5 Qxc5
28. Rxc5 1-0

[Event "Mistrzostwa Polski Juniorow do lat 16 - Dziewczeta"]
[Site "Ustron – Jaszowiec"]
[Date "1899-12-30"]
[Round "4.3"]
[White "Krzywnicka, Maria"]
[Black "Kalinowska, Zuzanna"]
[Result "1/2-1/2"]
[WhiteTitle "I+"]
[BlackTitle "k+"]
[WhiteElo "1720"]
[BlackElo "1833"]

1. e4 e6 2. d3 c5 3. g3 Nc6 4. Bg2 Nf6 5. f4 d5 6. e5 Nd7 7. Nf3 Be7 8. O-O b5
9. c3 a5 10. d4 b4 11. Be3 Ba6 12. Rf2 Rb8 13. Nbd2 bxc3 14. bxc3 cxd4 15. cxd4
Nb4 16. Ne1 g6 17. Nf1 Nb6 18. g4 Bh4 19. Ng3 Nc4 20. Bc1 Bc8 21. Nf3 Bxg3 22.
hxg3 Bd7 23. g5 Nb6 24. Ne1 Ba4 25. Qf3 Qc7 26. a3 Nc2 27. Nxc2 Bxc2 28. Qe2 Ba4
29. Rf3 Nc4 30. g4 Qb6 31. Qf2 Bd1 32. Rg3 a4 33. Kh2 Rc8 34. Bd2 Nxd2 35. Qxd2
Bb3 36. Rc3 Kd7 37. Rac1 Rxc3 38. Rxc3 Bc4 39. Rh3 Qb5 40. Qf2 Qb1 41. f5 gxf5
42. gxf5 Qxf5 43. Rf3 Qxg5 44. Rxf7+ Kc6 45. Ra7 Qh6+ 46. Kg1 Rb8 47. Qe1 Qg6
48. Qh4 Rb1+ 49. Kh2 Rb2 50. Qh3 Rb3 51. Qh4 Rb2 52. Qh3 Rb3 53. Qh4 Rb2 1/2-1/2

[Event "Mistrzostwa Polski Juniorow do lat 16 - Dziewczeta"]
[Site "Ustron – Jaszowiec"]
[Date "1899-12-30"]
[Round "4.4"]
[White "Kostecka, Marika"]
[Black "Buchta, Agnieszka"]
[Result "1-0"]
[WhiteTitle "I++"]
[BlackTitle "I++"]
[WhiteElo "1869"]
[BlackElo "1715"]

1. e4 e5 2. Nf3 Nc6 3. Bb5 a6 4. Ba4 Nf6 5. O-O b5 6. Bb3 Be7 7. Re1 d6 8. c3 O-O
9. h3 Nb8 10. d4 Nbd7 11. Nbd2 Bb7 12. Bc2 Re8 13. Nf1 Bf8 14. Ng3 g6 15. Bg5
h6 16. Bd2 c5 17. d5 c4 18. Nh2 h5 19. Qe2 h4 20. Ngf1 Nh5 21. Qg4 Be7 22. Ne3
Ndf6 23. Qf3 Nf4 24. Nhg4 N6h5 25. Kh2 Nf6 26. Nxf6+ Bxf6 27. Ng4 Bg5 28. g3 hxg3+
29. fxg3 Nh5 30. Nh6+ Bxh6 31. Bxh6 Ng7 32. Rf1 Qe7 33. Rf2 Bc8 34. Raf1 Ra7 35.
Qf6 Nh5 36. Qxe7 Rexe7 37. Bg5 Rec7 38. Bd1 Ng7 39. g4 a5 40. h4 b4 41. h5 gxh5
42. gxh5 Rcb7 43. Rg2 Kh7 44. Be3 Ra8 45. h6 Ne8 46. Bh5 Re7 47. Bxf7 Ba6 48.
Bg8+ Kh8 49. Rf8 bxc3 50. Be6+ Kh7 51. Bf5# 1-0

[Event "Mistrzostwa Polski Juniorow do lat 16 - Dziewczeta"]
[Site "Ustron – Jaszowiec"]
[Date "1899-12-30"]
[Round "4.5"]
[White "Szelag, Zuzanna"]
[Black "Sowa, Wiktoria"]
[Result "1/2-1/2"]
[WhiteTitle "I++"]
[BlackTitle "I+"]
[WhiteElo "1759"]
[BlackElo "1812"]

1. e4 c5 2. Nf3 Nc6 3. d4 cxd4 4. Nxd4 g6 5. Nc3 Bg7 6. Be3 Nf6 7. Bc4 Qa5 8. O-O
O-O 9. Bb3 d6 10. h3 Bd7 11. f4 Rac8 12. Qd3 Rfe8 13. Rae1 a6 14. a3 Qc7 15. Bf2
b5 16. Nxc6 Bxc6 17. e5 dxe5 18. fxe5 Red8 19. Bd4 Nd5 20. Qf3 e6 21. Ne4 Rf8
22. Bxd5 Bxd5 23. Nf6+ Bxf6 24. Qxf6 Qd8 25. Qf2 Bc4 26. Bc5 Bxf1 27. Bxf8 Qxf8
28. Rxf1 Qc5 29. Kh1 Rc7 30. Qf6 Qd5 31. Rf3 Qd1+ 32. Kh2 Qxc2 33. Qd8+ Kg7 34.
Qf6+ Kg8 35. Qd8+ Kg7 36. Rd3 Rc8 37. Qf6+ Kg8 38. Rd8+ Rxd8 39. Qxd8+ Kg7 40.
Qf6+ Kg8 41. Qd8+ Kg7 42. Qf6+ 1/2-1/2

[Event "Mistrzostwa Polski Juniorow do lat 16 - Dziewczeta"]
[Site "Ustron – Jaszowiec"]
[Date "1899-12-30"]
[Round "4.6"]
[White "Trusz, Julia"]
[Black "Hryn, Zofia"]
[Result "1/2-1/2"]
[WhiteTitle "I+"]
[BlackTitle "I++"]
[WhiteElo "1688"]
[BlackElo "1767"]

1. e4 c5 2. Nf3 Nc6 3. d4 cxd4 4. Nxd4 e6 5. Nc3 Nf6 6. Ndb5 d6 7. Bf4 e5 8. Bg5
a6 9. Na3 Be7 10. Bxf6 gxf6 11. Nd5 b5 12. c3 f5 13. Qf3 fxe4 14. Qxe4 Bb7 15.
Nc2 Bg5 16. Qf5 Bc8 17. Qf3 Bb7 18. Qf5 Bc8 19. Qf3 Bb7 20. Qf5 Bc8 1/2-1/2

[Event "Mistrzostwa Polski Juniorow do lat 16 - Dziewczeta"]
[Site "Ustron – Jaszowiec"]
[Date "1899-12-30"]
[Round "4.7"]
[White "Kucharska, Honorata"]
[Black "Orlik, Sandra"]
[Result "1/2-1/2"]
[WhiteTitle "k+"]
[BlackTitle "I+"]
[WhiteElo "2093"]
[BlackElo "1698"]

1. e4 c5 2. Nc3 e6 3. g3 Nc6 4. Bg2 g6 5. d3 Bg7 6. Be3 d6 7. Qd2 Nge7 8. f4 Rb8
9. Nf3 Nd4 10. O-O O-O 11. Rae1 b5 12. Nd1 a5 13. g4 f5 14. h3 a4 15. Qf2 Nxf3+
16. Bxf3 Bb7 17. Qg3 b4 18. exf5 exf5 19. Bxb7 Rxb7 20. Qf3 Ra7 21. Bf2 Qd7 22.
Re2 Raa8 23. Rfe1 Rae8 24. g5 Nc8 25. Qd5+ Qf7 26. Qc6 Rxe2 27. Rxe2 Qxa2 28.
Kg2 Qb1 29. Re8 Nb6 30. Rxf8+ Bxf8 31. Qxb6 Qxd1 32. Qc6 Qe2 33. Qxa4 Qe6 34.
Qa8 Kg7 35. Qb7+ Qf7 36. Qc6 Qa2 37. b3 Qa7 38. Qd5 Qf7 39. Qc6 Qe7 40. Kf1 h6
41. h4 Kf7 42. Qd5+ Kg7 43. Qc6 h5 44. Qd5 Kh7 45. Kg2 Kg7 46. Kf3 Qf7 47. Qc6
Qe7 48. Qd5 Qf7 49. Qc6 Qe7 50. Qd5 Qf7 51. Qc6 1/2-1/2

[Event "Mistrzostwa Polski Juniorow do lat 16 - Dziewczeta"]
[Site "Ustron – Jaszowiec"]
[Date "1899-12-30"]
[Round "4.8"]
[White "Skiba, Aleksandra"]
[Black "Swiech, Joanna"]
[Result "1/2-1/2"]
[WhiteTitle "I+"]
[BlackTitle "k"]
[WhiteElo "1633"]
[BlackElo "1943"]

1. d4 d5 2. c4 e6 3. Nc3 Nf6 4. Bg5 Be7 5. e3 c6 6. Nf3 O-O 7. Bd3 Nbd7 8. O-O
h6 9. Bh4 b6 10. cxd5 exd5 11. Rc1 Bb7 12. a3 Re8 13. Re1 Ne4 14. Bxe7 Qxe7 15.
Bb1 Rad8 16. Qa4 a6 17. Qc2 c5 18. Na4 c4 19. Nc3 b5 20. Nd2 Ndf6 21. Qd1 Nxd2
22. Qxd2 Bc6 23. Na2 Ra8 24. Qa5 Qd8 25. Qxd8 Rexd8 26. f3 a5 27. g4 g5 28. Kf2
Rab8 29. Nc3 b4 30. axb4 Rxb4 31. Nd1 Ba4 32. Bc2 Bxc2 33. Rxc2 Rb3 34. h4 a4
35. hxg5 hxg5 36. Rh1 Rdb8 37. Kg3 a3 38. bxa3 Rxa3 39. Rhh2 Rb1 40. Nc3 Rbb3
41. Nd1 Rb1 42. Nc3 Rbb3 43. Nd1 Rb1 44. Nc3 1/2-1/2

[Event "Mistrzostwa Polski Juniorow do lat 16 - Dziewczeta"]
[Site "Ustron – Jaszowiec"]
[Date "1899-12-30"]
[Round "4.9"]
[White "Rudzinska, Michalina"]
[Black "Samujlo, Agnieszka"]
[Result "1-0"]
[WhiteTitle "k"]
[BlackTitle "I+"]
[WhiteElo "1941"]
[BlackElo "1542"]

1. e4 c6 2. d4 d5 3. Nc3 dxe4 4. Nxe4 Bf5 5. Ng3 Bg6 6. Bc4 e6 7. N1e2 Bd6 8. Nf4
Qc7 9. Ngh5 Bxh5 10. Nxh5 g6 11. Ng3 Nd7 12. Qf3 Nb6 13. Bb3 O-O-O 14. Ne4 Rf8
15. Nxd6+ Qxd6 16. O-O h5 17. Bf4 Qd7 18. Rfe1 Nd5 19. Bxd5 Qxd5 20. Qa3 c5 21.
Re5 Qd7 22. Qxc5+ Kd8 23. Qxf8+ Qe8 24. Qd6+ 1-0

[Event "Mistrzostwa Polski Juniorow do lat 16 - Dziewczeta"]
[Site "Ustron – Jaszowiec"]
[Date "1899-12-30"]
[Round "4.10"]
[White "Gredka, Dominika"]
[Black "Moscicka, Pola"]
[Result "0-1"]
[WhiteTitle "I++"]
[BlackTitle "k+"]
[WhiteElo "1589"]
[BlackElo "1925"]

1. e4 c5 2. Nf3 Nc6 3. d4 cxd4 4. Nxd4 Nf6 5. Nc3 e5 6. Ndb5 d6 7. Bg5 a6 8. Na3
b5 9. Nd5 Be7 10. Bxf6 Bxf6 11. c4 b4 12. Nc2 a5 13. b3 O-O 14. h4 g6 15. h5 Bg7
16. hxg6 fxg6 17. Qd2 Be6 18. f3 Rb8 19. Be2 Ne7 20. Nce3 Bxd5 21. Nxd5 Nc6 22.
g3 Nd4 23. Kf2 Rb7 24. Raf1 a4 25. Nxb4 Qb6 26. Nd5 Nxf3+ 27. Qe3 Nd2+ 28. Kg2
Qxe3 29. Rxf8+ Bxf8 30. Nxe3 axb3 31. axb3 Rxb3 32. Ng4 Nxe4 33. Bf3 Rb2+ 34.
Kh3 Ng5+ 0-1

[Event "Mistrzostwa Polski Juniorow do lat 16 - Dziewczeta"]
[Site "Ustron – Jaszowiec"]
[Date "1899-12-30"]
[Round "4.11"]
[White "Raczykowska, Paulina"]
[Black "Kindler, Karolina"]
[Result "1-0"]
[WhiteTitle "I++"]
[BlackTitle "I++"]
[WhiteElo "1772"]
[BlackElo "1738"]

1. e4 c5 2. Nf3 e6 3. d4 cxd4 4. Nxd4 Nf6 5. Nc3 d6 6. Be2 Be7 7. O-O O-O 8. Be3
a6 9. f4 Qc7 10. Bf3 Nbd7 11. g4 Nb6 12. g5 Nfd7 13. Kh1 Nc4 14. Bc1 b5 15. a3
Bb7 16. Bg2 Qb6 17. Rf3 Rfe8 18. Rh3 Nf8 19. Qd3 g6 20. b3 Na5 21. Be3 Qd8 22.
Rf1 e5 23. Nde2 exf4 24. Nxf4 Nd7 25. Nfd5 Rf8 26. Qd2 Nc6 27. Rd1 Rc8 28. Nxe7+
Nxe7 29. Bf2 Ne5 30. Qxd6 Qxd6 31. Rxd6 Rfd8 32. Bc5 N7c6 33. Nd5 Rxd6 34. Bxd6
Rd8 35. Nf6+ Kg7 36. Rxh7# 1-0

[Event "Mistrzostwa Polski Juniorow do lat 16 - Dziewczeta"]
[Site "Ustron – Jaszowiec"]
[Date "1899-12-30"]
[Round "4.12"]
[White "Dwilewicz, Agata"]
[Black "Bilczewska, Olga"]
[Result "1-0"]
[WhiteTitle "I+"]
[BlackTitle "I"]
[WhiteElo "1710"]
[BlackElo "1638"]

1. e4 c5 2. Nf3 Nc6 3. d4 cxd4 4. Nxd4 Nf6 5. Nc3 e6 6. Ndb5 Bb4 7. a3 Bxc3+ 8.
Nxc3 d5 9. exd5 exd5 10. Bd3 O-O 11. O-O d4 12. Ne2 Bg4 13. f3 Bh5 14. Nf4 Bg6
15. Nxg6 hxg6 16. f4 Ne7 17. Bd2 Nfd5 18. Qf3 Qb6 19. Rfe1 Rfe8 20. Kh1 Rad8 21.
b4 Qd6 22. Bb5 Nc6 23. f5 Rxe1+ 24. Rxe1 Nce7 25. fxg6 Nxg6 26. Rf1 Qe6 27. Re1
Qd6 28. Qf5 Nde7 29. Qe4 Nc6 30. Bg5 Rc8 31. Qf5 Rf8 32. Bc4 Nce5 33. Bb3 Qc7
34. h4 Nc6 35. Qxg6 Qg3 36. Bxf7+ Rxf7 37. Re8+ Rf8 38. Qe6+ 1-0

[Event "Mistrzostwa Polski Juniorow do lat 16 - Dziewczeta"]
[Site "Ustron – Jaszowiec"]
[Date "1899-12-30"]
[Round "4.13"]
[White "Zamarska, Sylwia"]
[Black "Szulc, Patrycja"]
[Result "0-1"]
[WhiteTitle "I++"]
[BlackTitle "I"]
[WhiteElo "1681"]
[BlackElo "1573"]

1. e4 c5 2. c3 d5 3. exd5 Qxd5 4. d4 Nc6 5. Nf3 Bf5 6. dxc5 Qxd1+ 7. Kxd1 O-O-O
8. Ke1 Nf6 9. Be3 Ng4 10. Nd4 Bg6 11. Nxc6 bxc6 12. Ba6+ Kb8 13. Ke2 Nxe3 14.
Kxe3 e5 15. b4 Be7 16. Ke2 Bh5+ 17. f3 e4 18. g4 exf3+ 19. Kxf3 Bg6 20. Re1 Bf6
21. a3 h5 22. g5 Bxg5 23. Ra2 Rhe8 24. Rg1 Be4+ 25. Kg3 Bxb1 26. Rxb1 Re3+ 27.
Kf2 Rxc3 28. b5 Be3+ 29. Ke2 Bxc5 30. bxc6+ Kc7 31. Bb7 Bxa3 32. Rd2 Rxd2+ 33.
Kxd2 Rh3 34. Kc2 Rxh2+ 35. Kb3 Rh3+ 36. Ka2 Bd6 37. Re1 Ra3+ 38. Kb2 h4 39. Re8
Rg3 40. Rc8+ Kb6 41. Rd8 Be5+ 42. Kc2 h3 43. Rh8 Rg2+ 44. Kd3 h2 45. c7 Rg3+ 46.
Ke2 Bxc7 47. Kd3 0-1

[Event "Mistrzostwa Polski Juniorow do lat 16 - Dziewczeta"]
[Site "Ustron – Jaszowiec"]
[Date "1899-12-30"]
[Round "4.14"]
[White "Ossolinska, Matylda"]
[Black "Kulpa, Zuzanna"]
[Result "0-1"]
[WhiteTitle "I"]
[BlackTitle "I++"]
[WhiteElo "1515"]
[BlackElo "1680"]

1. e4 e5 2. Nf3 Nc6 3. d4 exd4 4. Nxd4 Bc5 5. Be3 Qf6 6. Nb5 Bxe3 7. fxe3 Qh4+
8. g3 Qd8 9. Qg4 g5 10. Qh5 Ne5 11. Nd2 h6 12. Nc4 Nf6 13. Qe2 d6 14. Nxe5 dxe5
15. Qc4 c6 16. Rd1 Qa5+ 17. Nc3 Be6 18. Qd3 O-O 19. Bg2 Rad8 20. Qe2 Rxd1+ 21.
Qxd1 Qb6 22. Qd2 Rd8 23. Qc1 Ng4 24. Nd1 Qa5+ 25. Nc3 Qc5 26. Nd1 Bc4 27. h3 Rxd1+
28. Kxd1 Nxe3+ 29. Ke1 Nxg2+ 30. Kd1 Ne3+ 31. Ke1 Qd4 32. Rh2 Qxe4 33. Kd2 Nf1+
34. Kc3 Qd4+ 0-1

[Event "Mistrzostwa Polski Juniorow do lat 16 - Dziewczeta"]
[Site "Ustron – Jaszowiec"]
[Date "1899-12-30"]
[Round "4.15"]
[White "Michalska, Aleksandra"]
[Black "Koruch, Maria"]
[Result "1-0"]
[WhiteTitle "I"]
[BlackTitle "I"]
[WhiteElo "1599"]
[BlackElo "1513"]

1. e4 c5 2. c4 Nc6 3. Nc3 e6 4. Nf3 Nf6 5. Be2 d5 6. exd5 exd5 7. d4 Be6 8. cxd5
Nxd5 9. O-O cxd4 10. Nxd4 Nxd4 11. Qxd4 Nxc3 12. Qxc3 a6 13. Bf3 Rc8 14. Qe5 Rc5
15. Qe4 Qd5 16. Qa4+ Bd7 17. Re1+ Be7 18. Bxd5 Bxa4 19. Bxb7 Bb5 20. b3 Rc7 21.
Bf3 Kd7 22. Bf4 Rc5 23. Rad1+ Kc8 24. Rxe7 Rd8 25. Bb7# 1-0

[Event "Mistrzostwa Polski Juniorow do lat 16 - Dziewczeta"]
[Site "Ustron – Jaszowiec"]
[Date "1899-12-30"]
[Round "4.16"]
[White "Lascar, Maria Elena"]
[Black "Krzysztynska, Anna"]
[Result "1-0"]
[WhiteTitle "I+"]
[BlackTitle "I"]
[WhiteElo "1485"]
[BlackElo "1578"]

1. e4 e5 2. Nf3 Nc6 3. Bc4 Bc5 4. c3 Nf6 5. d4 exd4 6. cxd4 Bb4+ 7. Bd2 Bxd2+ 8.
Nbxd2 O-O 9. e5 d5 10. Bb5 Nd7 11. Bxc6 bxc6 12. Rc1 Bb7 13. O-O Re8 14. Nb3 Re6
15. Nc5 Nxc5 16. Rxc5 a5 17. a4 Qb8 18. b3 Bc8 19. Re1 Rg6 20. Nh4 Rh6 21. g3
Qb4 22. Re3 Bd7 23. f4 f5 24. e6 Rxe6 25. Rxe6 Bxe6 26. Rxc6 Qe7 27. Qe1 Re8 28.
Qe5 Qf7 29. Rxc7 Bd7 30. Qd6 Re1+ 31. Kf2 Qe8 32. Qxd5+ Be6 33. Qb7 Bd7 34. Qf3
Ra1 35. Kg2 Ra3 36. Qd5+ Be6 37. Qe5 Ra2+ 38. Kh3 Qf7 39. Rxf7 1-0

[Event "Mistrzostwa Polski Juniorow do lat 16 - Dziewczeta"]
[Site "Ustron – Jaszowiec"]
[Date "1899-12-30"]
[Round "4.17"]
[White "Kubiak, Aleksandra"]
[Black "Pyzio, Amelia"]
[Result "0-1"]
[WhiteTitle "II+"]
[BlackTitle "I+"]
[WhiteElo "1320"]
[BlackElo "1656"]

1. e4 e5 2. Nf3 Nc6 3. Bc4 Bc5 4. O-O d6 5. h3 Nf6 6. Nc3 h6 7. d3 a6 8. Be3 Ba7
9. d4 O-O 10. a3 Re8 11. d5 Ne7 12. Bd2 Ng6 13. Ne1 Nh7 14. Bd3 Qh4 15. Qf3 Ng5
16. Bxg5 Qxg5 17. Kh1 Nf4 18. Bc4 b5 19. Bb3 h5 20. Nd3 Ng6 21. Qg3 Qh6 22. f4
exf4 23. Nxf4 h4 24. Qf3 Re5 25. Nce2 Rg5 26. c3 Ne5 27. Qf2 Bxf2 28. Rxf2 Nc4
29. Nd4 Bd7 30. Raf1 Re8 31. Nfe2 Re7 32. Nc1 Rg3 33. Nce2 Ne3 34. Nxg3 hxg3 35.
Rf3 Nxf1 36. Rxf1 Bxh3 37. Nf3 Bg4+ 38. Kg1 Bxf3 39. Rxf3 Qh2+ 40. Kf1 Rxe4 0-1

[Event "Mistrzostwa Polski Juniorow do lat 16 - Dziewczeta"]
[Site "Ustron – Jaszowiec"]
[Date "1899-12-30"]
[Round "4.18"]
[White "Choinska, Debora"]
[Black "Surpeta, Julia"]
[Result "1-0"]
[WhiteTitle "I"]
[BlackTitle "I"]
[WhiteElo "1479"]
[BlackElo "1458"]

1. e4 c5 2. Nf3 d6 3. d4 cxd4 4. Nxd4 Nf6 5. Nc3 g6 6. Be2 Bg7 7. Be3 O-O 8. O-O
Nc6 9. Nb3 Be6 10. f4 a5 11. a4 Rc8 12. Kh1 Bd7 13. Qd2 Re8 14. Bf3 Bg4 15. Qf2
Ra8 16. Bb6 Qc8 17. Nb5 Rf8 18. Nc7 Rb8 19. Nxa5 Bxf3 20. gxf3 Nb4 21. c3 Na6
22. Nd5 Nxd5 23. exd5 Qf5 24. Ba7 Ra8 25. Rfd1 Nc5 26. Bxc5 Rxa5 27. Be3 Rfa8
28. Qd2 Rxa4 29. Rxa4 Rxa4 30. Qd3 Qh3 31. Qe2 Ra2 32. Rd2 Qf5 33. Qd1 Qd7 34.
Qb3 Ra6 35. Kg2 h5 36. Qc2 h4 37. h3 e6 38. dxe6 Qxe6 39. Qe4 Qc8 40. Kh2 Rc6
41. Rg2 Qd7 42. f5 d5 43. Qxh4 Qxf5 44. Qg4 Qd3 45. Bg5 Re6 46. h4 Qa6 47. h5
Qd6+ 48. Bf4 Qc6 49. hxg6 Rxg6 50. Qh3 Qf6 51. Rxg6 fxg6 52. Qc8+ Bf8 53. Qg4
Be7 54. Qc8+ Kf7 55. Qg4 Qb6 56. Qg2 Qf6 57. Qg4 d4 58. cxd4 Qxd4 59. Bc1 Qf2+
60. Qg2 Qe1 61. Bd2 Bd6+ 62. Kh3 Qe5 63. Bg5 Qh8+ 64. Bh4 Qh6 65. Qg5 Qg7 66.
Qd5+ Ke8 67. Qxd6 1-0

[Event "Mistrzostwa Polski Juniorow do lat 16 - Dziewczeta"]
[Site "Ustron – Jaszowiec"]
[Date "1899-12-30"]
[Round "5.1"]
[White "Guzik, Natalia"]
[Black "Kaczmarska, Joanna"]
[Result "0-1"]
[WhiteTitle "I++"]
[BlackTitle "k"]
[WhiteElo "1875"]
[BlackElo "1822"]

1. e4 e6 2. d4 d5 3. Nd2 Nc6 4. c3 Nf6 5. e5 Nd7 6. Bd3 Ne7 7. Ngf3 c5 8. Nf1 c4
9. Bc2 Nb6 10. Ne3 Qc7 11. O-O Bd7 12. Ng5 h6 13. Nh7 O-O-O 14. Nxf8 Rdxf8 15.
b3 f5 16. Ba3 Rf7 17. Bd6 Qc6 18. a4 f4 19. a5 Na8 20. b4 fxe3 21. Ba4 Qa6 22.
Bxd7+ Kxd7 23. Qa4+ Qc6 24. b5 Qc8 25. b6+ Qc6 26. bxa7 exf2+ 27. Rxf2 Rxf2 28.
Kxf2 Qxa4 29. Rxa4 Nc6 30. Bc5 Nc7 31. Ra1 Na6 32. Bb6 Ra8 33. Ke3 Nxa7 34. Rf1
Ke7 35. g4 Nc8 36. Rb1 Nxb6 37. Rxb6 Ra7 38. h4 Nb8 39. g5 hxg5 40. hxg5 Rxa5
41. Rxb7+ Nd7 42. Rb2 Ra3 43. Kd2 Ra1 44. Ke3 Rc1 45. g6 Rxc3+ 46. Kf2 Rd3 47.
Rb1 Rxd4 48. Ke3 Re4+ 49. Kd2 Nxe5 50. Rf1 Nxg6 51. Rg1 Kf6 52. Kc2 Nf4 53. Kd2
g5 54. Rf1 g4 55. Kd1 e5 56. Rh1 g3 57. Kd2 Rd4+ 58. Ke1 g2 0-1